000
00253nam a22001097a 4500
082
_a
510
100
_a
Ranjan,Aditya SIr
_9
83074
245
_a
SSC MATHS Chapter wise 6000+ TCS MCQs
260
_b
Aditya Ranjan
_c
2024
650
_a
Maths
942
_c
C. BOOKS
999
_c
67844
_d
67844